|
|
|
|
| LEADER |
00000nam0a2200000 4500 |
| 001 |
311422 |
| 005 |
20231102002402.0 |
| 035 |
|
|
|a (RuTPU)RU\TPU\book\336779
|
| 090 |
|
|
|a 311422
|
| 100 |
|
|
|a 20151208d1963 km y0rusy50 ca
|
| 101 |
0 |
|
|a rus
|
| 102 |
|
|
|a RU
|
| 105 |
|
|
|a a z 001zy
|
| 200 |
1 |
|
|a Прочность вращающихся дисков
|f М. М. Кобрин
|
| 210 |
|
|
|a Ленинград
|c Судпромгиз
|d 1963
|
| 215 |
|
|
|a 340 с.
|c ил.
|
| 320 |
|
|
|a Библиогр.: с. 331-335.
|
| 606 |
1 |
|
|a Паротурбинные установки
|2 stltpush
|3 (RuTPU)RU\TPU\subj\48319
|9 67195
|
| 610 |
1 |
|
|a паровые турбины
|
| 610 |
1 |
|
|a газовые турбины
|
| 610 |
1 |
|
|a энергетические установки
|
| 610 |
1 |
|
|a судовые установки
|
| 610 |
1 |
|
|a вращающиеся диски
|
| 610 |
1 |
|
|a роторы
|
| 610 |
1 |
|
|a аварии
|
| 610 |
1 |
|
|a испытания
|
| 610 |
1 |
|
|a методика
|
| 610 |
1 |
|
|a оборудование
|
| 610 |
1 |
|
|a деформации
|
| 610 |
1 |
|
|a наблюдения
|
| 610 |
1 |
|
|a прочность
|
| 610 |
1 |
|
|a диски
|
| 610 |
1 |
|
|a материалы
|
| 610 |
1 |
|
|a напряжения
|
| 675 |
|
|
|a 621.165
|v 4
|
| 700 |
|
1 |
|a Кобрин
|b М. М.
|
| 801 |
|
1 |
|a RU
|b 63413507
|c 20151208
|
| 801 |
|
2 |
|a RU
|b 63413507
|c 20151210
|g RCR
|
| 942 |
|
|
|c BK
|